|
|
|
|
| LEADER |
00000nab a2200000 a 4500 |
| 001 |
vtls008421924 |
| 003 |
SK-MaSNL |
| 005 |
20260304134136.0 |
| 008 |
250505c2003 xo fr|p|||||||000 b|slo |
| 015 |
|
|
|a SNBRB2006/01
|2 snkbucl
|
| 035 |
|
|
|a (uuid)882cb508-600c-41fd-afcb-5b7667fef8cd
|
| 035 |
|
|
|a urn:nbn:sk:snk-abwe9
|
| 035 |
|
|
|a (urnnbn)urn:nbn:sk:snk:ar-a051nb
|
| 038 |
|
|
|a SNKBUCL
|
| 040 |
|
|
|a SNKBUCL
|b slo
|c SNKBUCL
|e AACR2
|
| 041 |
0 |
|
|a eng
|b eng
|b slo
|
| 044 |
|
|
|a xo
|c SK
|
| 080 |
|
|
|a 631.416.8:631.415
|2 1997
|
| 080 |
|
|
|a 631.415
|2 1997
|
| 100 |
1 |
|
|a Dlapa, Pavel,
|d 1965-
|4 aut
|9 191207
|
| 245 |
1 |
0 |
|a Geochemical factors affecting aluminium solubility in acid soils
|c Pavel Dlapa
|
| 300 |
|
|
|b Obr.
|
| 504 |
|
|
|a Bibliogr. odkazy
|
| 546 |
|
|
|a Res. angl., slov.
|
| 650 |
0 |
7 |
|a hliník
|2 snkbucl
|9 14229
|
| 650 |
0 |
7 |
|a rozpustnosť
|2 snkbucl
|9 51325
|
| 650 |
0 |
7 |
|a kyslosť pôdy
|2 snkbucl
|9 20580
|
| 650 |
0 |
7 |
|a acidifikácia
|2 snkbucl
|9 17390
|
| 650 |
0 |
7 |
|a humus
|2 snkbucl
|9 15988
|
| 650 |
0 |
7 |
|a alofán
|2 snkbucl
|9 1451712
|
| 773 |
0 |
|
|t Phytopedon : journal of soil science
|g Vol. 2, [no.] 2 (2003), s. 8-16
|x 1336-1120
|
| 850 |
|
|
|a Slovenská národná knižnica
|
| 852 |
|
|
|a Slovenská národná knižnica
|
| 958 |
|
|
|a article27
|
| 958 |
|
|
|a NB
|
| 958 |
|
|
|a OND
|
| 958 |
|
|
|a EUIPO
|
| 999 |
|
|
|c 2905466
|d 2907396
|